New challenges to the German Basic Law : (Record no. 3550)

MARC details
000 -LEADER
fixed length control field 01223cam a2200301 a 4500
001 - CONTROL NUMBER
control field 2513167
005 - DATE AND TIME OF LATEST TRANSACTION
control field 20230704082554.0
008 - FIXED-LENGTH DATA ELEMENTS--GENERAL INFORMATION
fixed length control field 920619s1991 gw b 101 0 eng
010 ## - LIBRARY OF CONGRESS CONTROL NUMBER
LC control number 92176581
020 ## - INTERNATIONAL STANDARD BOOK NUMBER
International Standard Book Number 3789023175
040 ## - CATALOGING SOURCE
Original cataloging agency DLC
Transcribing agency DLC
Modifying agency DLC
043 ## - GEOGRAPHIC AREA CODE
Geographic area code e-gx---
050 00 - LIBRARY OF CONGRESS CALL NUMBER
Classification number KK4449
Item number 1991
082 00 - DEWEY DECIMAL CLASSIFICATION NUMBER
Classification number 342.43
-- 344.302
Edition number 20
Item number IAC
110 2# - MAIN ENTRY--CORPORATE NAME
Corporate name or jurisdiction name as entry element International Association of Constitutional Law.
Subordinate unit World Congress
Number of part/section/meeting (3rd :
Date of meeting or treaty signing 1991 :
Location of meeting Warsaw, Poland)
245 10 - TITLE STATEMENT
Title New challenges to the German Basic Law :
Remainder of title the German contributions to the Third World Congress of the International Association of Constitutional Law /
Statement of responsibility, etc. Christian Starck (ed.).
250 ## - EDITION STATEMENT
Edition statement 1. Aufl.
260 ## - PUBLICATION, DISTRIBUTION, ETC. (IMPRINT)
Place of publication, distribution, etc. Baden-Baden :
Name of publisher, distributor, etc. Nomos,
Date of publication, distribution, etc. 1991.
300 ## - PHYSICAL DESCRIPTION
Extent 219 p. ;
Dimensions 23 cm.
440 #0 - SERIES STATEMENT/ADDED ENTRY--TITLE
Title Studien und Materialien zur Verfassungsgerichtsbarkeit ;
Volume/sequential designation Bd. 49
504 ## - BIBLIOGRAPHY, ETC. NOTE
Bibliography, etc Includes bibliographical references and index.
650 #0 - SUBJECT ADDED ENTRY--TOPICAL TERM
Topical term or geographic name as entry element Constitutional law
Geographic subdivision Germany
General subdivision Congresses.
651 #0 - SUBJECT ADDED ENTRY--GEOGRAPHIC NAME
Geographic name Germany
General subdivision Politics and government
Geographic subdivision 1990-
General subdivision Congresses.
700 1# - ADDED ENTRY--PERSONAL NAME
Personal name Starck, Christian.
906 ## - LOCAL DATA ELEMENT F, LDF (RLIN)
a 7
b cbc
c orignew
d 2
e ncip
f 19
g y-gencatlg
942 ## - ADDED ENTRY ELEMENTS (KOHA)
Source of classification or shelving scheme Dewey Decimal Classification
Koha item type Books
Holdings
Withdrawn status Lost status Source of classification or shelving scheme Damaged status Not for loan Home library Current library Date acquired Total Checkouts Full call number Barcode Date last seen Price effective from Koha item type
    Dewey Decimal Classification     County Hall Archives County Hall Archives 07/04/2023   342.43 IAC 10002470 07/04/2023 07/04/2023 Books
LIBRARY OPENING HOURS

When the Parliament is sitting: 8.00a.m - 7.00p.m or until the house adjourns
Mondays and Fridays and when the House is on Recess:  8.00a.m - 5.00p.m
Closed on Weekends and Public Holidays

Online Public Access Catalog (OPAC)
Website: http://www.parliament.go.ke
Bunge Library: https://libraryir.parliament.go.ke
Contact: library@parliament.go.ke | Tel no: (254-2)2221291 or 2848000 Ext 5043